Statistics for Modern Family Character By Picture

Click here to take the quiz!

General Stats

  • This quiz has been taken 179 times
  • The average score is 14 of 15

Answer Stats

Answer% Correct
Phil Dunphy
99%
Claire Dunphy
96%
Gloria Delgado-Pritchett
96%
Luke Dunphy
96%
Cameron Tucker
95%
Lily Tucker-Pritchett
95%
Alex Dunphy
94%
Haley Dunphy
93%
Jay Pritchett
93%
Manny Delgado
93%
Mitchell Pritchett
92%
Dylan Marshall
86%
Joe Pritchett
86%
Stella
85%
DeDe Pritchett
71%

Score Distribution

Percentile by Number Answered

Percent of People with Each Score

Your Score History

You have not taken this quiz